Ψεύτικες ή Πραγματικές Σημαίες #5 - Ξαφνικός Θάνατος - Statistics

General Stats
  • This quiz has been taken 38 times
  • The average score is 6 of 10
Answers on the Grid
Answers color-coded by a green-red scale on the quiz's grid according to % correct below.
Trulli
Trulli
Trulli
Trulli
Trulli
Trulli
Trulli
Trulli
Trulli
Trulli
Trulli
Trulli
Trulli
Trulli
Trulli
Trulli
Trulli
Trulli
Trulli
Trulli
 
Answer Stats
Answer % Correct
Trulli
95%
Trulli
74%
Trulli
74%
Trulli
68%
Trulli
63%
Trulli
63%
Trulli
58%
Trulli
47%
Trulli
47%
Trulli
26%
No matching quizzes found
Score Distribution
Percent of People with Each Score
Percentile by Number Answered
Your Score History
You have not taken this quiz